000 01345nam a2200373 a 4500
003 CHAP
005 20220329143144.0
008 060904d2004 mx r 10100 spa d
010 _a92629
011 _a93601
035 _a104181
040 _cCHAP
082 0 4 _a338.5
_bE5
111 2 _aEncuentro Nacional de Empresas Sociales Exitosas FONAES
_d(2003 :
_cMéxico, D. F.)
_936809
245 1 0 _aMemorias
_c/por Secretaría de Economía
260 _aMéxico, D. F. :
_bSecretaría de Economía,
_c2004.
300 _a201 p.
590 _aBATCH-UPD
_b10
_c20130110
_lUCH01
_h0219
590 _aBATCH-UPD
_b10
_c20130110
_lUCH01
_h1653
590 _aBATCH-UPD
_b10
_c20130409
_lUCH01
_h2239
590 _aBATCH-UPD
_b10
_c20130410
_lUCH01
_h1042
590 _aBATCH-UPD
_b10
_c20130914
_lUCH01
_h1302
590 _aCONVERSION
_b10
_c20130109
_lUCH01
_h1351
650 1 4 _aEmpresas
_zMéxico.
_936646
650 1 4 _aIndustria y Estado
_xMéxico.
_957919
650 1 4 _aProyectos
_xFinanciamiento.
_992526
710 0 _aMéxico. Secretaría de Economía.
_977165
901 _aBK
905 _aLilia
942 _cLIBRO
949 _a338.5 E5
_bBC
_cCONG
_d33724000993929
_eCONG
_fc.3
_h108170
_i104181
_sb
949 _a338.5 E5
_bBC
_cLIBRO
_d33724000993986
_eLIBRO
_fc.2
_h108169
_i104181
_sb
949 _a338.5 E5
_bBC
_cLIBRO
_d33724000994042
_eLIBRO
_h108168
_i104181
_sb
999 _c92629
_d92629